=LDR 00000nam 2200000 4500 =001 INLIS000000000003991 =005 20130612092301 =008 ***********************************Ind** =035 ##$$0010-061300000003991 =041 ##$$a Ind =082 ##$$a 808.5 =090 ##$$a 808.5, Ben s =100 ##$$a Bender, Peter Urs =245 ##$$a Sectrets of power presentations, Peter Urs Bender; alih bahasa, Prihminto Widardo =260 ##$$a 1996 $b Jakarta =300 ##$$a 235 hlm., ilus., 21 cm =650 ##$$a Pidato =700 ##$$a Widardo, Prihminto =850 ##$$a NBPNMAT